[Event "Tinaquillo Cojedes op"]
[Site "Tinaquillo"]
[Date "2022.04.01"]
[Round "1"]
[White "Vielma Pena, Kenjervi Jeroham"]
[Black "Fleitas Pina, Yonathan"]
[Result "1-0"]
[WhiteElo "1714"]
[BlackElo "1663"]
[PlyCount "38"]
[EventDate "2022.04.01"]
[EventType "swiss"]
[EventRounds "6"]
[EventCountry "VEN"]
[SourceTitle "EXT 2023"]
[Source "ChessBase"]
[SourceDate "2022.10.05"]
[SourceVersion "1"]
[SourceVersionDate "2022.10.05"]
[SourceQuality "1"]

1. e4 e6 2. d4 d5 3. Nc3 Nf6 4. e5 Nfd7 5. Nce2 c5 6. c3 Nc6 7. Nf3 cxd4 8. cxd4 Bb4+ 9. Bd2 Qb6 10. g3 f6 11. exf6 Nxf6 12. Bg2 0-0 13. 0-0 Ne4 14. Be3 Qd8 15. Ne5 Bd6 16. Nxc6 bxc6 17. Bxe4 dxe4 18. Qc2 Ba6 19. Rfe1 Bd3 1-0